Vplyv priamych zahraničných investícií na vývoj priemyselnej výroby SR

Rozvoj priemyselnej výroby SR a hĺbka reštrukturalizačných jej procesov je zásadným spôsobom ovplyvnená intenzitou prílevu priamych zahraničných investícií do odvetvia. Zhodnotenie vplyvu priamych zahraničných investícií na výkonnosť priemyselnej výroby, hodnotenie technologickej a kvalifikačnej nár...

Ausführliche Beschreibung

Gespeichert in:
Bibliographische Detailangaben
1. Verfasser: Fifeková, Elena
Format: Buchkapitel
Sprache:Slowakisch
Schlagworte:
Tags: Tag hinzufügen
Keine Tags, Fügen Sie das erste Tag hinzu!

MARC

LEADER 00000nla$a2200000$$$4500
001 0083552
005 20240502071935.1
041 0 |a slo 
044 |a SK 
245 1 0 |a Vplyv priamych zahraničných investícií na vývoj priemyselnej výroby SR  |c Elena Fifeková 
520 |a Rozvoj priemyselnej výroby SR a hĺbka reštrukturalizačných jej procesov je zásadným spôsobom ovplyvnená intenzitou prílevu priamych zahraničných investícií do odvetvia. Zhodnotenie vplyvu priamych zahraničných investícií na výkonnosť priemyselnej výroby, hodnotenie technologickej a kvalifikačnej náročnosti priemyselnej výroby a jej jednotlivých odvetví a vývoj pridanej hodnoty. Porovnanie postavenia domácich a zahraničných podnikov v priemyselnej výrobe SR. 
610 2 0 |a výroba priemyselná 
610 2 0 |a investície priame zahraničné 
610 2 0 |a produktivita práce 
610 2 0 |a podnik 
610 2 0 |a sily pracovné 
100 1 |a Fifeková, Elena